[Event "RUS-Cup01 Chigorin Memorial"]
[Site "St Petersburg"]
[Date "1997.11.04"]
[Round "4"]
[White "Kuzmin, Gennadi P"]
[Black "Beshukov, Sergei"]
[Result "1-0"]
[WhiteElo "2555"]
[BlackElo "2430"]
[Annotator "Har Zvi,R"]
[PlyCount "73"]
[EventDate "1997.11.01"]
[EventType "swiss"]
[EventRounds "9"]
[EventCountry "RUS"]
[SourceTitle "CBM 062"]
[Source "ChessBase"]
[SourceDate "1998.01.31"]
[SourceVersion "1"]
[SourceVersionDate "1998.01.31"]
[SourceQuality "1"]

1. e4 {Yakovich} c5 2. Nf3 Nc6 3. Bb5 g6 4. O-O Bg7 5. c3 Nf6 6. e5 Nd5 7. d4
cxd4 8. cxd4 O-O 9. Nc3 Nxc3 ({I prefer} 9... Nc7 $5 {Yakovich}) 10. bxc3 d6
11. Re1 (11. exd6 Qxd6 (11... exd6 $14 {Yakovich}) 12. a4 a6 (12... Bg4 {52/163
}) (12... Bf5 13. Ba3 Qc7 14. Re1 Bf6 15. Qd2 Rad8 16. Bxc6 bxc6 17. Qh6 Rfe8
18. Ng5 Bxg5 19. Qxg5 Be6 20. Bc5 Rd5 21. Qh4 Rh5 22. Qg3 Qd7 23. Rab1 Kg7 24.
Rb8 Rxb8 25. Qxb8 a5 26. c4 h6 27. Qb3 Rg5 28. Kh1 Kh7 29. Qc3 Rh5 30. Ba3 Qc7
31. g3 Qd7 32. Kg1 Kg8 33. Bb2 f6 34. Ba3 Bf7 35. h4 e5 36. dxe5 {Bronstein,
D-Boleslavsky,I/URS-ch24 1957/URS-ch/1/2-1/2 (88)}) (12... Rd8 13. Re1 Qc7 14.
Bg5 Be6 15. Bh4 a6 16. Bd3 Na5 17. Rc1 Rac8 18. Bg3 Qd7 19. Ne5 Qe8 20. Qf3 Bd5
{1/2-1/2 Antonio,R-Mohr,G/Erevan olm 1996/EXT 96ch2}) 13. Ba3 Qc7 14. Bxc6 Qxc6
(14... bxc6 15. Re1 Re8 16. Ne5 Be6 17. Qd3 Rad8 18. Qg3 Bd5 19. Rab1 f6 20.
Nd3 Qxg3 21. hxg3 e5 {1/2-1/2 Kruszynski,W-Bator,R/Gistrup 1992/EXT 97}) 15.
Bxe7 Re8 16. d5 $8 Qxc3 17. Rc1 Qa5 $13 {Ardeleanu,A-Cabrilo,G/Star Dojran
1994;60/(161)}) (11. e6 fxe6 12. Bd3 Qa5 13. Qb3 Qd5 14. Bc4 Qf5 15. Qd1 d5 16.
Bd3 Qh5 17. Be2 Qf5 18. Ba3 $44 {Zagema,W-Kuijf,M/Leeuwarden op 1995} (18. Bd3)
) 11... Bg4 12. exd6 Qxd6 13. h3 Bxf3 14. Qxf3 e5 (14... Qf6 15. Qe4 e6 16.
Bxc6 bxc6 17. Ba3 (17. Qxc6 Rac8) 17... Rfd8 18. Rab1 $16 {Nishimura,H-Horvath,
Ga/Budapest 1996}) (14... e6 {Yakovich}) 15. a4 Rfd8 (15... Rfc8 $5 16. Ba3 Qc7
17. d5 $16) (15... exd4 16. Ba3) 16. Bg5 f6 (16... Rd7) 17. Bh4 $6 {the
bishop's place is not on "h4" white should have played something such as 17.
Be3,when white seems slightly better} (17. Be3 $5 $14 {Yakovich} exd4 (17... f5
18. Bg5 Rd7 19. d5 e4 20. Qe2) 18. Rad1 f5 19. cxd4 $14) 17... exd4 18. cxd4
Nxd4 (18... Qxd4 {this was simply another possiblity to take the "d4" pawn,
when it is not so clear what white really has} 19. Bg3 Rac8) 19. Qxb7 Nf5 (
19... Nxb5 $2 {Yakovich} 20. Re7 $1) 20. g4 $2 {can you explain this move to
me,why what's the idea,after Qe4 the position is simply a draw.this move is so
strange since it is such an unusual move,just giving a piece} (20. Qe4 {
Yakovich} Qd4 21. Qxd4 Rxd4 22. Bg3 Nxg3 $15) {[%tqu "En","can you find the
win for black to win the game...play what a Pazer would play!!","","","f5h4",
"",8]} 20... Rdb8 $2 (20... Nxh4 21. Re7 Nf3+ $8 {probably this is the idea
that both players had missed by winning tempi black knight jumps to "d2" where
it prevents white from playing Bc4 check! otherwise if for example black
bishop moves white wins with Bc4 and Rxh7} (21... Bf8 $4 22. Bc4+ Kh8 23. Rxh7#
) 22. Kf1 (22. Kg2 Qh2+ 23. Kxf3 Qxh3+ 24. Ke2 Qxg4+ 25. Kf1 Qh3+ 26. Kg1 Bf8 {
and black wins}) 22... Nd2+ 23. Kg1 Bf8 {[%csl Rc4] and the game is over}) 21.
Qxb8+ (21. Qh1 Nxh4 22. Bc6 Qf8 $17) (21. Re8+ $2 {Yakovich} Rxe8 22. Bxe8 Rxe8
23. gxf5 Qd4 $19) 21... Rxb8 22. gxf5 gxf5 {now we can sum everything the has
already happened,black has material advantage,and he is better but things are
so simple since his king is quite weak,and white has many open files with much
better pieces} 23. Rad1 Qb4 24. Bg3 f4 25. Bh2 {[%csl Rh2]} (25. Rb1 {Yakovich}
Qf8 (25... Qd6 26. Rbd1 Qc7 27. Rc1) 26. Bxf4 Rc8 $17) 25... f5 {[%cal Gh8a1]
opening the h8-a1 diagonal for black's bishop} 26. Kh1 {[%cal Gg1g8] white has
his counter chances,the open "c" "d" and "g" files toghther with his strong
bishop on "b5",but still we can in this type of positions the strenge of the
Queen,which is the main factor here,and gives black a winning position} Qc3 $1
{[%csl Rh3]} (26... h5 $5) 27. Bf1 (27. Kg2 Be5) 27... Qc6+ 28. Bg2 Qxa4 29.
Rd5 {black is winning here,but I think the rest of the game had been played
ina serious time trouble...see for your self} Qb4 $6 (29... Rf8 $5) (29... Rb2
{Yakovich} 30. Re7 Bf8 31. Rd8 Rb1+ 32. Bg1 Rd1 $19) 30. Rg1 Rf8 {this move
gives the "a" pawn,which I do not want so much to give,the "a" pawn is much
much more important than the "f5"pawn} (30... Kh8 31. Rxf5 Rf8 32. Rg5 Qd4 $17)
31. Rd7 Kh8 32. Rxa7 {now things are really unclear,the "a"pawnwas something
very important.since now the game is only on one flank the Queen loses some of
it's power} Bd4 {and now giving the "f4" pawn} (32... Qd2 $17 {Yakovich}) 33.
Bxf4 Qc5 $2 (33... Bxa7 $4 34. Be5+ Rf6 (34... Kg8 35. Bd5#) 35. Bxf6+ Kg8 36.
Bd5+ Kf8 37. Rg8#) (33... Qb2 $1 {[%csl Rf2][%cal Ga1h8,Gd4a7]} 34. Rd7 Qxf2
35. Rf1 Qb2 $17) 34. Rd7 {finally now white is not worse,it means the game is
quickly going to end!} Be5 (34... Bxf2 35. Rc1 Qb5 36. Rcc7 Qb1+ 37. Bc1 f4 38.
Rxh7+ Qxh7 39. Bb2+ Kg8 40. Bd5+ $11) 35. Bh6 (35. Rd5 Qxd5 36. Bxd5 Bxf4 $11)
35... Re8 (35... Rg8 $5) 36. Re1 Qxf2 $4 (36... Rg8 {[%cal Gg8g2]} 37. Be3 Qb4
$11 38. Bd2 Qb6 39. Rxe5 Qg6 $19) 37. Rxe5 $4 {I guess here black flag fall
down although he has no special reason to continue this game any way} (37. Bg7+
$142 Bxg7 38. Rxe8+ Bf8 39. Rxf8#) 1-0

[Event "HUN-chT 1516"]
[Site "Hungary"]
[Date "2015.12.06"]
[Round "4.2"]
[White "Havasi, Gergo"]
[Black "Erdos, Viktor"]
[Result "1/2-1/2"]
[WhiteElo "2356"]
[BlackElo "2615"]
[Annotator "Havasi,G"]
[PlyCount "69"]
[EventDate "2015.11.07"]
[EventType "team-tourn"]
[EventRounds "11"]
[EventCountry "HUN"]
[SourceTitle "CBM 171"]
[Source "ChessBase"]
[SourceDate "2016.03.14"]
[SourceVersion "2"]
[SourceVersionDate "2016.03.14"]
[SourceQuality "1"]
[WhiteTeam "Husi"]
[BlackTeam "Aquaprofit"]
[WhiteTeamCountry "HUN"]
[BlackTeamCountry "HUN"]

1. e4 c5 2. Nf3 Nc6 3. Bb5 g6 4. Bxc6 dxc6 5. d3 Bg7 6. h3 b6 7. Nc3 Nh6 (7...
e5 {is more popular} 8. Be3 Ne7 9. Qd2 h6 10. a3 a5 11. Nh2 Be6 12. O-O g5 $13
{1-0 (41) Ivanchuk,V (2766)-Radjabov,T (2793) Beijing CHN 2012}) 8. Be3 f6 9.
Qd2 Nf7 10. O-O-O e5 11. g4 (11. h4 h5 12. Nh2 Be6 13. f4 Qd7 $13 {1-0 (64)
Hou,Y (2488)-Kovalevskaya,E (2463) Ergun 2006}) (11. Ng1 Be6 12. Kb1 Qe7 13. f4
O-O-O 14. Nf3 exf4 15. Bxf4 Rhe8 16. Rhe1 Kb7 17. Qf2 $13 {0-1 (42) Kabanov,N 
(2482)-Belous,V (2497) Moscow RUS 2011}) (11. Nh2 Be6 12. f4 exf4 13. Bxf4 Qd7
14. Nf3 O-O-O 15. d4 cxd4 16. Nxd4 $13 {1-0 (23) Akopian,V (2700)-Kuzubov,Y 
(2554) Gibraltar 2007}) 11... Be6 12. Nh4 {My plan was Rhg1 and Nf5 at some
point.} Qd7 13. Ng2 {Now my plan is f4.} (13. Rhg1 {is not so good:} O-O-O 14.
Nf5 Bf8 $15) 13... f5 $5 {The idea of this move is to prevent f4.} (13... O-O-O
14. f4 f5 $1 {was very strong, Black has the initiative.}) 14. gxf5 gxf5 15.
exf5 Bxf5 16. Nh4 $1 {The disadvantage of f5 is the fact that the position
becomes open.} Bxh3 17. Rdg1 Bf6 18. Rg3 (18. Qd1 $5 Bxh4 19. Qh5 O-O-O 20.
Qxh4 $44) 18... Be6 19. Ne4 Be7 20. Rg7 O-O-O 21. Nf3 Bd5 {Both of us thought
that this was the best.} (21... Rdg8 22. Rhg1 Qd8 {was a good possibility.})
22. c4 $1 Bxe4 (22... Be6 23. Rh5 $44) 23. dxe4 Qe6 24. Qe2 h5 {In my opinion,
this move is inaccurate. The key square in this position is g6, which can be a
very good square for the Rs.} (24... Qf6 $1 25. Rhxh7 Rxh7 26. Rxh7 Qg6 $17)
25. Rhg1 Bf6 26. R7g6 Qe7 27. Nd2 $1 {The plan is Qf3.} Kb7 (27... Rdf8 28. Qf3
Nd8 29. Bh6 Rf7 30. Qxh5 {regains the pawn.}) 28. Qf3 Rd6 (28... Bh4 29. Rg7
Bf6 30. R7g6 {and a draw is the objectively correct result.}) 29. Rg8 Rxg8 30.
Rxg8 h4 $2 (30... Rd8 31. Rg6 Bg5 32. Rg7 Bf6 33. Rg6 $11) 31. Qf5 $2 (31. Bxc5
$3 {is the winning move} bxc5 32. Qb3+ Ka6 33. Rb8 Qc7 34. Qa4+ Qa5 35. Qxa5+
Kxa5 36. Nb3+ Ka6 37. Nxc5+ Ka5 38. b4# {What a nice finish!}) 31... Rd7 (31...
Re6 $17) 32. Rg6 Rd6 33. Rg8 Rd8 34. Rg6 Rd6 35. Rg8 {I am proud of this game,
because my opponent is one of the members of the Hungarian olympic team and he
has defeated 2700+ players. Both of us had winning moves, so the draw is a
fair result.} 1/2-1/2

[Event "RUS-ch 54th"]
[Site "Elista"]
[Date "2001.05.02"]
[Round "3"]
[White "Smirnov, Pavel"]
[Black "Filippov, Valerij"]
[Result "1-0"]
[WhiteElo "2511"]
[BlackElo "2632"]
[Annotator "Hecht,H"]
[PlyCount "135"]
[EventDate "2001.04.29"]
[EventType "swiss"]
[EventRounds "9"]
[EventCountry "RUS"]
[SourceTitle "CBM 083"]
[Source "ChessBase"]
[SourceDate "2001.07.05"]
[SourceVersion "1"]
[SourceVersionDate "2001.07.05"]
[SourceQuality "1"]

1. e4 c5 2. Nf3 Nc6 3. Bb5 g6 4. Bxc6 bxc6 5. O-O Bg7 6. c3 Nf6 7. Re1 O-O 8.
d4 cxd4 9. cxd4 d5 10. e5 Ne4 11. Ng5 f6 12. Nxe4 dxe4 13. exf6 exf6 14. Rxe4
f5 15. Re1 f4 16. Qf3 Qxd4 17. Nc3 g5 18. Qxc6 Bf5 19. Rd1 Rac8 20. Qf3 Qb6 21.
h3 Kh8 22. a4 Rcd8 23. a5 Qg6 24. Rxd8 Rxd8 25. Ra4 Qe6 26. Kh2 Be5 27. Qh5 h6
28. Ne4 Qg6 29. Qxg6 Bxg6 30. f3 Rd1 31. Bd2 Bxe4 32. Rxe4 Bxb2 33. Bb4 Rd7 34.
Bc5 Rd5 35. Rc4 a6 $5 (35... Bg7 $5 36. h4 $1 (36. a6 Rd7 37. Rb4 Rc7 38. Bf2
Rc6 $11) 36... Kh7 37. h5 {[%cal Gh2h3,Gh3g4]}) (35... Rd7 $5 36. Bf2 Kg7 37.
Rc8 h5 38. Ra8 Bd4 39. Bxd4+ Rxd4 40. Rxa7+ Kg6 {bietet Remischancen, weil der
weiße König schlecht ins Spiel kommt und auch h4 wegen g4 nichts rechtes
bringt. Jedenfalls sollte der weiße Turm seinen Freibauern von der Seite
decken.} 41. Rb7 Ra4 42. Rb6+ Kg7 (42... Kf5 43. a6 Ra1 44. g4+ fxg3+ 45. Kxg3
h4+ 46. Kf2 Kf4 $11) 43. a6 Ra1 44. h4 gxh4 $14) 36. Bb4 (36. Bb6 Kg7 37. Rc7+
Kg6 38. Ra7 Rd6 39. Rxa6 Bd4 40. g4 fxg3+ 41. Kxg3 Kf5 42. Kg2 h5 $11) 36...
Rb5 37. Be1 Re5 38. Bb4 Rb5 39. h4 Kg7 40. Kh3 Kg6 (40... Bf6 $142 41. h5 Bd8
42. Bc3+ Kf7 43. Rc6 Bxa5 44. Bxa5 Rxa5 45. Rxh6 Ra2 46. Rg6 Ra5 47. Kg4 Ra2
$11) 41. Rc6+ Kf5 42. Rb6 Rd5 (42... Bd4 $5 43. Rxb5+ axb5 44. h5 Bf2 45. Bd6
Be3 46. a6 Ke6 {und das Endspiel ist sehr trickreich wie} 47. Bf8 ({oder} 47.
Bb8 b4 48. a7 Bxa7 49. Bxa7 Kd5 $19) 47... Kf7 48. Bxh6 b4 49. Bxg5 b3 50. Bxf4
b2 51. Bxe3 b1=Q 52. a7 $15 {beweisen}) 43. Rxa6 Rd1 $132 44. Kh2 Bd4 45. Rd6
Bg1+ (45... g4 $1 46. fxg4+ Kxg4 47. Rg6+ Kh5 48. Rg8 Bf2 $11) 46. Kh3 Rb1 $2 (
46... Bd4 $11) 47. Bc3 $1 $18 {[%cal Rd6f6]} gxh4 48. Rd5+ Kg6 49. Kxh4 Rc1 50.
Rd6+ Kf7 51. Be5 Bc5 52. Rf6+ Ke7 53. Rxh6 Rg1 54. Rg6 Kf7 55. Rg7+ Ke6 56.
Bxf4 Kf5 57. Kg3 Bb4 58. Rb7 Bc3 59. Rb5+ Ke6 60. Be3 Ra1 61. Bb6 Ra2 62. Kh3
Be5 63. g3 Ra4 64. f4 Bxf4 65. gxf4 Rxf4 66. a6 Kd7 67. a7 Rf8 68. Bd8 1-0

[Event "RUS-ch"]
[Site "Krasnodar"]
[Date "2002.08.29"]
[Round "3"]
[White "Jakovenko, Dmitrij"]
[Black "Cherniaev, Alexander"]
[Result "1-0"]
[WhiteElo "2552"]
[BlackElo "2509"]
[Annotator "Hecht,H"]
[PlyCount "121"]
[EventDate "2002.08.27"]
[EventType "swiss"]
[EventRounds "9"]
[EventCountry "RUS"]
[SourceTitle "CBM 091"]
[Source "ChessBase"]
[SourceDate "2002.11.12"]
[SourceVersion "1"]
[SourceVersionDate "2002.11.12"]
[SourceQuality "1"]

1. e4 c5 2. Nf3 Nc6 3. Bb5 g6 4. Bxc6 dxc6 5. d3 Bg7 6. h3 b6 7. O-O Nh6 8. Nc3
O-O 9. Be3 f6 10. a3 a5 11. Nh2 e5 12. Qd2 Nf7 13. Rab1 a4 14. f4 exf4 15. Bxf4
Be6 16. Kh1 f5 17. Nf3 c4 18. exf5 Bxf5 19. d4 Be6 20. Rbe1 Qd7 21. Kh2 Rfe8
22. Qf2 b5 23. Ne5 Bxe5 24. dxe5 Bd5 25. Bg3 Re6 26. Qd2 Qb7 27. Rf2 Rae8 28.
Rfe2 Qa8 29. Qf4 Qd8 30. Qd2 Qa8 31. Rd1 Rd8 32. Qf4 Rde8 33. Qd4 Rd8 34. Qc5
Qb7 35. Red2 Nxe5 36. Nxd5 Rxd5 37. Rxd5 cxd5 38. Rxd5 Nf7 39. Qxb5 Qxb5 40.
Rxb5 {Starker Läufer bei einem Mehrbauer} Re2 41. c3 Nh6 42. Kg1 Nf5 43. Bf2 h5
44. Rb4 Nd6 45. Bc5 Ne4 46. Rxc4 Re1+ ({Unter Tausch der Leichtfiguren bot} 
46... Nxc5 47. Rxc5 Rxb2 48. Rc4 Rb3 49. Rxa4 Rxc3 {die bessere Chance}) 47.
Kh2 h4 48. Rxa4 (48. Be7 $5 g5 49. Bxg5 Nxg5 50. Rg4 Re5 51. Rxh4 {sieht
besser aus}) 48... Nxc5 49. Rxh4 Rb1 (49... Ra1 $142 $1 {[%cal Ga1a2,Gc5d3]})
50. b4 Na4 51. c4 Rb3 52. Rd4 Rxa3 53. Rd8+ Kf7 54. Ra8 $18 {Die Fesselung
entscheidet.} Ke6 55. b5 Kd6 56. b6 Kc6 57. c5 Ra2 58. Ra7 Nc3 59. Rc7+ Kd5 60.
b7 Rb2 61. c6 1-0

[Event "Decameron"]
[Site "Decameron"]
[Date "2003.12.10"]
[Round "9"]
[White "Lugo, Blas"]
[Black "Ramirez Alvarez, Alejandro"]
[Result "0-1"]
[WhiteElo "2418"]
[BlackElo "2483"]
[Annotator "Hecht,H"]
[PlyCount "118"]
[EventDate "2003.12.06"]
[EventType "tourn"]
[EventRounds "9"]
[EventCountry "DOM"]
[EventCategory "9"]
[SourceTitle "CBM 099"]
[Source "ChessBase"]
[SourceDate "2004.03.30"]
[SourceVersion "1"]
[SourceVersionDate "2004.03.30"]
[SourceQuality "1"]

1. e4 c5 2. Nf3 Nc6 3. Bb5 g6 4. Bxc6 dxc6 5. d3 Bg7 6. Nc3 Bg4 7. h3 Bxf3 8.
Qxf3 Nf6 9. O-O Nd7 10. Be3 e5 11. a3 Qe7 12. Qe2 Nf8 13. b4 Ne6 14. Na4 cxb4
15. axb4 O-O 16. c3 f5 17. Nc5 Nf4 18. Bxf4 exf4 19. e5 b6 20. Qa2+ Rf7 21. e6
Rf6 22. Nd7 Rxe6 23. Nxb6 Re8 24. Na4 Kh8 25. Qc4 Qg5 26. Nc5 R6e7 27. Kh2 f3
28. g3 Re2 29. Qf4 Qxf4 30. gxf4 Bxc3 31. Rxa7 Bxb4 32. Nd7 R2e7 33. Ra4 Bd6
34. Ne5 Bxe5 35. fxe5 Rxe5 36. Kg3 Rd8 37. Ra7 Red5 38. Rc1 R8d6 39. Rb1 Rd7
40. Rxd7 Rxd7 41. Rb3 Kg7 42. Kxf3 Kf6 43. Ke3 Kg5 44. Rb4 f4+ 45. Ke2 Rf7 46.
Kf3 Kh4 47. Kg2 g5 48. Rb6 Rf6 49. d4 Rd6 50. d5 Rxd5 51. Rxc6 h5 {[#]} 52. Rc4
$2 {The only correct defence was on the third rank, on which stands the
vulnerable h3-pawn. Allein richtig war die Verteidigung der 3. Reihe, auf der
der anfällige Bh3 steht.} (52. Rc3 $1 Rd2 53. Rf3 Ra2 54. Rb3 g4 55. hxg4 hxg4
56. Kg1 f3 57. Rb8 $11) 52... Rd3 53. Rc5 Rxh3 54. f3 (54. Rxg5 f3+ $19) 54...
g4 55. fxg4 hxg4 56. Rc8 f3+ 57. Kg1 Kg3 58. Rc3 Rh5 59. Rc2 f2+ 0-1

[Event "ARG-ch"]
[Site "Argentina"]
[Date "1995.??.??"]
[Round "8"]
[White "Slipak, Sergio"]
[Black "Spangenberg, Hugo"]
[Result "1-0"]
[WhiteElo "2520"]
[BlackElo "2490"]
[Annotator "Hecht,H"]
[PlyCount "85"]
[EventDate "1995.??.??"]
[EventType "tourn"]
[EventRounds "15"]
[EventCountry "ARG"]
[EventCategory "9"]
[SourceTitle "CBM 049"]
[Source "ChessBase"]
[SourceDate "1995.12.01"]
[SourceVersion "1"]
[SourceVersionDate "1995.12.01"]
[SourceQuality "1"]

1. e4 c5 2. Nf3 Nc6 3. Bb5 g6 4. O-O Bg7 5. Bxc6 dxc6 6. d3 Nf6 7. Nc3 Nd7 8.
Be3 e5 9. Qd2 Qe7 10. Bh6 O-O 11. Bxg7 Kxg7 12. Ne1 Qd6 13. f4 exf4 14. Rxf4
Ne5 15. Nf3 Nxf3+ 16. Rxf3 Qe5 17. Raf1 Be6 18. b3 b5 19. Ne2 c4 20. dxc4 bxc4
21. Qd4 f6 22. Qxe5 fxe5 23. Rxf8 Rxf8 24. Rxf8 Kxf8 {guter S bei vielen
schwarzen Bauernschwächen} 25. b4 Ke7 26. Nc3 Kd6 27. Kf2 c5 (27... Kc7 28. Na4
$16 {[%csl Rc4][%cal Yf2d2,Yd2c3,Ya4b2]}) 28. b5 Kc7 29. Nd5+ Kd6 (29... Bxd5
30. exd5 Kd6 31. Ke3 Kxd5 32. c3 g5 33. g4 h6 34. h3 Kd6 35. a4 Kd5 36. a5 Kd6
37. Ke4 Ke6 38. b6 axb6 39. a6 $18) 30. Ke3 c3 31. Nxc3 c4 32. a4 Kc5 33. Nd5
Bc8 34. c3 Bg4 35. Kd2 Bc8 36. Ke3 Bg4 37. Kd2 Bc8 38. h3 g5 39. g4 Be6 40. Nf6
h6 41. Nd5 Bd7 42. Ne7 Kb6 43. Ng6 1-0

[Event "RUS-Cup02"]
[Site "Moscow"]
[Date "1998.01.21"]
[Round "1"]
[White "Morozevich, Alexander"]
[Black "Atalik, Ekaterina"]
[Result "1-0"]
[WhiteElo "2590"]
[BlackElo "2335"]
[Annotator "Hecht,H"]
[PlyCount "111"]
[EventDate "1998.01.21"]
[EventType "swiss"]
[EventRounds "9"]
[EventCountry "RUS"]
[SourceTitle "CBM 063"]
[Source "ChessBase"]
[SourceDate "1998.03.26"]
[SourceVersion "1"]
[SourceVersionDate "1998.03.26"]
[SourceQuality "1"]

1. e4 c5 2. Nf3 Nc6 3. Bb5 g6 4. Bxc6 dxc6 5. d3 f6 6. O-O e5 7. Be3 Nh6 8. h3
b6 9. c3 Nf7 10. d4 cxd4 11. cxd4 Bg7 12. Qc2 Bb7 13. Rd1 Qe7 14. dxe5 fxe5 15.
a4 O-O 16. Nc3 Bc8 17. a5 Rb8 18. axb6 axb6 19. Na4 c5 20. b4 cxb4 21. Nxb6 Be6
22. Qc6 Rfe8 23. Rdb1 b3 24. Nd2 Qd6 25. Qa4 Red8 26. Ndc4 Bxc4 27. Nxc4 Qb4
28. Qa6 Qb5 29. Nb6 Qxa6 30. Rxa6 Rd3 31. Nd5 Bf8 32. Ra7 b2 33. Kf1 Ra3 34.
Ke2 Rxa7 35. Bxa7 Rb7 36. Bb6 Ba3 37. Kd3 Nd6 38. f3 Kf7 39. Kc3 Nc8 40. Be3
Ke6 41. Kc2 Nd6 42. Bd2 Nc4 43. Bc3 Kd6 44. Kd3 Kc5 45. f4 exf4 46. Nxf4 Kb5
47. Nd5 Rf7 48. Bd4 Rf8 49. Ne3 Rc8 50. Nxc4 Rxc4 {[#] Ungünstige Weggabe des
wichtigen Bb2 hinterläßt einen weißen Mehrfreibauer bei miserabler schwarzer
Königsstellung. Übergang in ein verteidigungsfähiges Turmendspiel war möglich.}
51. Bc3 Bb4 $2 (51... Rc7 $6 52. Bxb2 Rd7+ 53. Ke2 Bxb2 54. Rxb2+ Kc5 55. Rc2+
$18) (51... Ra4 $5 52. Bxb2 Bxb2 53. Rxb2+ Kc6 $14 {[%cal Ya4a7,Yc6d6]}) 52.
Bxb2 Rc7 53. Bd4 Rd7 54. e5 Ka4 55. e6 Rd6 56. Kc4 (56. Kc4 Ba3 57. Rb6 $18) (
56. Kc4 Rc6+ 57. Kd5 Rd6+ 58. Ke5 Rd8 59. Rxb4+ Kxb4 60. e7 $18) 1-0

[Event "Goodricke op 12th"]
[Site "Kolkata"]
[Date "2001.02.12"]
[Round "7"]
[White "Khamatgaleev, Alexej"]
[Black "Sanjay, N."]
[Result "1-0"]
[WhiteElo "2412"]
[BlackElo "2364"]
[Annotator "Hecht,H"]
[PlyCount "119"]
[EventDate "2001.02.06"]
[EventType "swiss"]
[EventRounds "11"]
[EventCountry "IND"]
[SourceTitle "CBM 082"]
[Source "ChessBase"]
[SourceDate "2001.05.17"]
[SourceVersion "1"]
[SourceVersionDate "2001.05.17"]
[SourceQuality "1"]

1. e4 c5 2. Nf3 Nc6 3. Bb5 g6 4. O-O Bg7 5. Re1 e5 6. Bxc6 dxc6 7. d3 Bg4 8.
Be3 Qe7 9. Nbd2 Nf6 10. Nc4 Nd7 11. a3 O-O 12. b4 b6 13. Bd2 f5 14. exf5 gxf5
15. Bc3 e4 16. Qd2 b5 17. Na5 Bxf3 18. gxf3 Ne5 19. Bxe5 Qxe5 20. Kh1 Qc3 21.
Qg5 cxb4 22. axb4 Kh8 23. Rab1 exd3 24. cxd3 Qxd3 25. Qh5 Qd6 26. Rbd1 Qg6 27.
Qxg6 hxg6 28. Nxc6 Rf6 29. Ne5 a5 30. bxa5 Rxa5 31. Rd8+ Kh7 32. f4 Ra4 33. Re3
Rf8 34. Rd7 Ra6 35. Rc3 Kg8 36. Rcc7 Bxe5 37. fxe5 Re8 38. Rg7+ Kh8 39. Rh7+
Kg8 40. Rcg7+ Kf8 41. Rb7 Kg8 42. Rhg7+ Kh8 43. Rgd7 f4 44. Rxb5 Rae6 45. Rdd5
f3 46. h3 Kg7 47. Kh2 Kh6 48. Kg3 Kg5 49. Kxf3 Kf5 50. Kg3 {[#] Abwicklung in
ein verlorenes Bauernendspiel} Rxe5 $4 (50... g5 $1 51. h4 (51. Kf3 R8e7 (51...
Rxe5 $2 {noch immer nicht} 52. Rxe5+ Rxe5 53. Rxe5+ Kxe5 54. Kg4 Kf6 55. Kh5 $1
{Umgehung als Gewinnmotiv} Kf5 56. f3 Kf6 57. Kh6 Kf5 58. Kg7 Kf4 59. Kg6 Kxf3
60. Kxg5 Kg3 61. h4 $18) 52. Ke3 Rxe5+ {jetzt geht der Generaltausch} 53. Rxe5+
Rxe5+ 54. Rxe5+ Kxe5 55. Kf3 Kf5 56. Kg3 Kf6 $8 57. Kg4 Kg6 58. f3 Kf6 59. Kh5
Kf5 60. Kh6 Kf6 61. Kh7 Kf7 $11) 51... gxh4+ 52. Kxh4 Rg8 53. Rd6 Rxe5 $11) 51.
Rxe5+ Rxe5 52. Rxe5+ Kxe5 53. Kg4 Kf6 54. h4 {Entscheidender Raumgewinn. Der
f-Bauer bleibt zwecks Tempogewinn ganz hinten!} Kf7 55. Kg5 Kg7 56. h5 gxh5 57.
Kxh5 Kf6 58. Kg4 Kg6 59. Kf4 Kf6 60. f3 {Opposition!} 1-0